A novel flipcryp security methodology for a cyber physical system/ (Record no. 163378)
[ view plain ]
| 000 -LEADER | |
|---|---|
| fixed length control field | 00643nam a2200181 4500 |
| 005 - DATE AND TIME OF LATEST TRANSACTION | |
| control field | 20190411170407.0 |
| 010 ## - LCCN (DPL NO) | |
| LC control number | ENG-124988 |
| 020 ## - INTERNATIONAL STANDARD BOOK NUMBER | |
| International Standard Book Number | 9789387871441 |
| Terms of availability | 130.00 |
| 035 ## - SYSTEM CONTROL NUMBER | |
| System control number | EN-108520 |
| 037 ## - SOURCE OF ACQUISITION | |
| Source of stock number/acquisition | DBAD/PUB |
| 082 ## - DEWEY DECIMAL CLASSIFICATION NUMBER | |
| Classification number | 004.6 |
| 100 ## - MAIN ENTRY--PERSONAL NAME | |
| Personal name | Rao, M. Sreenivasa |
| 245 ## - TITLE STATEMENT | |
| Title | A novel flipcryp security methodology for a cyber physical system/ |
| Statement of responsibility, etc | by M. Sreenivasa Rao |
| 260 ## - PUBLICATION, DISTRIBUTION, ETC. (IMPRINT) | |
| Place of publication, distribution, etc | Tamil Nadu |
| Name of publisher, distributor, etc | Shanlax Publications |
| Date of publication, distribution, etc | 2018 |
| 270 ## - ADDRESS | |
| Address | 61,66 T.P.K. Main Road, Vasantha Nagar |
| City | Madurai |
| Postal code | 625003 |
| Telephone number | 0452-4208765, 7639303383 |
| Electronic mail address | publishers@shanlaxpublications.com |
| 300 ## - PHYSICAL DESCRIPTION | |
| Extent | 44p. |
| Dimensions | 22cm(Pbk) |
| 942 ## - ADDED ENTRY ELEMENTS (KOHA) | |
| Source of classification or shelving scheme | Dewey Decimal Classification |
| Item type | English Books |
| Classification part | 004.6 |
| Call number prefix | SRE |
| Withdrawn status | Lost status | Not for loan | Collection code | Home library | Current library | Date acquired | Source of acquisition | Cost, normal purchase price | Full call number | Barcode | Copy number | Cost, replacement price | Koha item type |
|---|---|---|---|---|---|---|---|---|---|---|---|---|---|
| Not For Loan | Non-fiction | D.B.Act.Division | Ashok Vihar | 11/04/2019 | DBAD/PUB | 130.00 | 004.6 | EN-108520 | 1 | 130.00 | English Books |
